[Event "Landesklasse Ost 2013/2014"]
[Site "?"]
[Date "2014.03.02"]
[Round "7"]
[White "Senf, Paul"]
[Black "Trautmann, Johannes"]
[Result "0-1"]
[WhiteElo "1700"]
[BlackElo "1743"]
[PlyCount "84"]
[EventDate "2014.??.??"]

1. e4 c5 2. Nf3 Nc6 3. d4 cxd4 4. Nxd4 Nf6 5. Nc3 g6 6. Be3 Bg7 7. Bc4 O-O 8.
Bb3 d6 9. f3 Bd7 10. Qd2 Nxd4 11. Bxd4 Bc6 12. O-O-O Nd7 13. Bxg7 Kxg7 14. h4
h5 15. g4 Nf6 16. gxh5 Nxh5 17. Rdg1 e5 18. Ne2 Rh8 19. Qe3 Qf6 20. Rg4 Bb5 21.
Nc3 Bc6 22. Ne2 Bd7 23. Rg2 a5 24. Bd5 Bb5 25. Nc3 Bc6 26. Bxc6 bxc6 27. Ne2
Rab8 28. Rg4 Rb5 29. b3 d5 30. c3 Qd6 31. Qd2 Qa3+ 32. Qb2 Qc5 33. Qd2 a4 34.
Kb2 axb3 35. axb3 Ra8 36. Nc1 d4 37. Rg5 dxc3+ 38. Qxc3 Qa3+ 39. Kb1 Rab8 40.
Kc2 Rc5 41. Rxe5 Rxc3+ 42. Kxc3 Qa1+ 0-1

[Event "Landesklasse Ost 2013/2014"]
[Site "?"]
[Date "2014.03.02"]
[Round "7"]
[White "Strauch, Martin"]
[Black "Hilbig, Dieter"]
[Result "1-0"]
[WhiteElo "1770"]
[BlackElo "1894"]
[PlyCount "93"]
[EventDate "2014.??.??"]

1. e4 c5 2. Nf3 Nc6 3. c3 d5 4. exd5 Qxd5 5. d4 Nf6 6. Be2 e6 7. O-O Be7 8. Be3
cxd4 9. Nxd4 Nxd4 10. Bxd4 O-O 11. Nd2 Rd8 12. Nf3 Qd6 13. Qc2 b6 14. Be5 Qd7
15. Ng5 Qd2 16. Qxd2 Rxd2 17. Bf3 Nd5 18. Ne4 Rc2 19. b3 Ba6 20. c4 Bxc4 21.
bxc4 Rxc4 22. Rfc1 Rac8 23. Rxc4 Rxc4 24. Nd6 Rc7 25. Ne4 Rc2 26. Bd1 Rc4 27.
Nd2 Rc5 28. Nb3 Rc4 29. Rc1 Rxc1 30. Nxc1 f6 31. Bb8 a5 32. Bb3 Kf7 33. Bxd5
exd5 34. Bc7 Ba3 35. Nd3 b5 36. Bxa5 Bd6 37. h3 Ke6 38. Bc3 Bc7 39. Bd4 Kf5 40.
f3 h5 41. Kf2 h4 42. Nb4 Ke6 43. Ke3 g5 44. Ba7 Bd6 45. Nc6 Bf4+ 46. Kd3 Kd6
47. Nd4 1-0

[Event "Landesklasse Ost 2013/2014"]
[Site "?"]
[Date "2014.03.02"]
[Round "7"]
[White "Steinmüller, Johannes"]
[Black "Thiemann, Jürgen"]
[Result "1-0"]
[WhiteElo "1744"]
[BlackElo "1708"]
[PlyCount "129"]
[EventDate "2014.??.??"]

1. e4 c6 2. d4 d5 3. Nc3 dxe4 4. Nxe4 Nd7 5. Nf3 Ngf6 6. Nxf6+ Nxf6 7. Bc4 Bg4
8. Bxf7+ Kxf7 9. Ne5+ Kg8 10. Nxg4 Qd5 11. O-O Nxg4 12. Qxg4 Rd8 13. Be3 e6 14.
a3 Be7 15. Rfe1 Bf6 16. c3 Kf7 17. Bf4 Qf5 18. Qxf5 exf5 19. Be5 Bg5 20. f4 Bh6
21. Re2 Rhe8 22. Rae1 Rd7 23. Kf2 g6 24. Kf3 Bf8 25. c4 a6 26. Rc1 Be7 27. Rd2
Red8 28. Rcd1 Ke6 29. Ke3 Bf8 30. Kd3 Be7 31. Kc3 Bf8 32. Re2 Kf7 33. Rde1 Bh6
34. c5 Bf8 35. Kc4 Rd5 36. b4 R5d7 37. Re3 Kg8 38. Bf6 Rc8 39. Be5 Kf7 40. a4
h5 41. h3 Rcd8 42. Rg1 Bh6 43. g3 h4 44. Rd3 hxg3 45. Rgxg3 Bg7 46. Bxg7 Kxg7
47. Rge3 Kf6 48. Re5 Rd5 49. Rxd5 cxd5+ 50. Kc3 g5 51. fxg5+ Kxg5 52. Rf3 Re8
53. b5 axb5 54. axb5 f4 55. Kd3 Kf5 56. Kc3 Ke4 57. Rf1 Rh8 58. Re1+ Kf3 59.
Re7 Rf8 60. Rxb7 Kg2 61. Ra7 f3 62. Ra2+ f2 63. b6 Kf3 64. Rxf2+ Kxf2 65. b7
1-0

[Event "Landesklasse Ost 2013/2014"]
[Site "?"]
[Date "2014.03.02"]
[Round "7"]
[White "Heinze, Silvio"]
[Black "Kupper, Matthias"]
[Result "0-1"]
[WhiteElo "1491"]
[BlackElo "1758"]
[PlyCount "56"]
[EventDate "2014.??.??"]

1. e4 c5 2. Nf3 Nc6 3. d4 cxd4 4. Nxd4 Nf6 5. Nc3 d6 6. Be3 Ng4 7. Qd2 Nxe3 8.
Qxe3 e5 9. Nb3 Be6 10. Nd5 f5 11. f4 fxe4 12. O-O-O Be7 13. Qxe4 O-O 14. Bc4
Kh8 15. Nxe7 Qxe7 16. Bxe6 Qxe6 17. fxe5 dxe5 18. g3 a5 19. Kb1 Rf2 20. Nc5 Qc8
21. Rd5 Nb4 22. Rxe5 Rxc2 23. Rh5 Qg8 24. b3 Rxa2 25. Qxb7 Rb8 26. Qf3 a4 27.
Nxa4 Rxa4 28. bxa4 Qa2+ 0-1

[Event "Landesklasse Ost 2013/2014"]
[Site "?"]
[Date "2014.03.02"]
[Round "7"]
[White "Sunderbrink, Heino"]
[Black "Sack, Matthias"]
[Result "1/2-1/2"]
[WhiteElo "1968"]
[BlackElo "1951"]
[PlyCount "26"]
[EventDate "2014.??.??"]

1. Nf3 Nf6 2. g3 d5 3. Bg2 e6 4. O-O Be7 5. b3 O-O 6. Bb2 b6 7. c4 Bb7 8. d3 c5
9. e3 Nc6 10. Qe2 Ne8 11. Nbd2 Bf6 12. Bxf6 Qxf6 13. Rfd1 Nc7 1/2-1/2

[Event "Landesklasse Ost 2013/2014"]
[Site "?"]
[Date "2014.03.02"]
[Round "7"]
[White "Hadlich, Gerald"]
[Black "Zeuner, Ulrich"]
[Result "0-1"]
[WhiteElo "1794"]
[BlackElo "1970"]
[PlyCount "72"]
[EventDate "2014.??.??"]

1. e4 e5 2. Nf3 Nc6 3. Bb5 a6 4. Bxc6 dxc6 5. O-O f6 6. d4 exd4 7. Nxd4 Qd6 8.
Nc3 Bd7 9. Be3 O-O-O 10. Qe2 Re8 11. Rad1 Qe5 12. a3 g5 13. Nf3 Qe7 14. b4 g4
15. Nd4 Qe5 16. Qd3 Bd6 17. g3 Qe7 18. Nb3 f5 19. exf5 Qf7 20. Ne4 Rxe4 21.
Qxe4 Nf6 22. Qd4 b6 23. Qd3 Kb7 24. c4 Rd8 25. c5 Be5 26. cxb6 cxb6 27. Bd4 Bc7
28. Qc2 Nd5 29. Rc1 Bxf5 30. Qxc6+ Kb8 31. Na5 Bc8 32. Nc4 Bb7 33. Qa4 Qf3 34.
Ne5 Nc3 35. Nxf3 Ne2+ 36. Kg2 Bxf3# 0-1

[Event "Landesklasse Ost 2013/2014"]
[Site "?"]
[Date "2014.03.02"]
[Round "7"]
[White "Kube, Hannelore"]
[Black "Osterroth, Reinhard"]
[Result "1/2-1/2"]
[WhiteElo "1820"]
[BlackElo "1877"]
[PlyCount "78"]
[EventDate "2014.??.??"]

1. c4 e5 2. g3 Nf6 3. Bg2 Bc5 4. Nc3 Nc6 5. Nf3 O-O 6. O-O d5 7. cxd5 Nxd5 8.
d3 h6 9. Nxd5 Qxd5 10. Bd2 Bg4 11. Qc1 Qd6 12. Qc4 Be6 13. Qh4 Bd5 14. Bc3 Rfe8
15. Nd2 Bxg2 16. Kxg2 Nd4 17. Rae1 Qd5+ 18. Qe4 Rad8 19. Qxd5 Rxd5 20. Nf3 Nb5
21. Rc1 Bb6 22. Nd2 c6 23. Nc4 Nxc3 24. Rxc3 Bd4 25. Rc2 e4 26. Rd1 Bf6 27. Ne3
Rdd8 28. dxe4 Rxd1 29. Nxd1 Rxe4 30. f3 Rd4 31. Nf2 Rd8 32. e4 Kf8 33. f4 Bd4
34. e5 Bxf2 35. Kxf2 Ke7 36. Ke3 g6 37. h4 h5 38. a3 Rd1 39. Re2 Rd5 1/2-1/2

[Event "Landesklasse Ost 2013/2014"]
[Site "?"]
[Date "2014.03.02"]
[Round "7"]
[White "Moje, Hans-Jürgen"]
[Black "Fischer, Dennis"]
[Result "1/2-1/2"]
[WhiteElo "1725"]
[BlackElo "1904"]
[PlyCount "39"]
[EventDate "2014.??.??"]

1. e4 d6 2. d4 Nf6 3. Nc3 g6 4. Nf3 Bg7 5. Bg5 O-O 6. Bc4 c6 7. e5 dxe5 8. Nxe5
Nd5 9. Nf3 Bg4 10. O-O Nb6 11. Bb3 h6 12. Be3 e6 13. h3 Bxf3 14. Qxf3 N8d7 15.
Rad1 Nf6 16. Rd3 Rc8 17. Rfd1 Qe7 18. Ne4 Nxe4 19. Qxe4 Nd5 20. Bc1 1/2-1/2

[Event "Landesklasse Ost 2013/2014"]
[Site "?"]
[Date "2014.03.02"]
[Round "7"]
[White "Rost, Detlef"]
[Black "Hädrich, Dirk"]
[Result "1/2-1/2"]
[WhiteElo "1885"]
[BlackElo "1792"]
[PlyCount "83"]
[EventDate "2014.??.??"]

1. d4 e6 2. c4 f5 3. Nc3 Nf6 4. e3 d5 5. Bd3 c6 6. Qc2 Ne4 7. Nf3 Bd6 8. O-O
Nd7 9. Qe2 O-O 10. Bd2 Qf6 11. c5 Bc7 12. b4 e5 13. dxe5 Nxe5 14. Nd4 Qh6 15.
f4 Ng4 16. Nf3 Bd7 17. Rae1 Rae8 18. Nd1 Bd8 19. g3 Nxd2 20. Qxd2 Bf6 21. Qg2
Qh5 22. h3 Nh6 23. Be2 Qf7 24. Bd3 g6 25. Qc2 Qg7 26. Kh2 Kh8 27. a4 Re7 28.
Rf2 Rfe8 29. Rfe2 Nf7 30. Rg1 Nh6 31. Rge1 Qf8 32. Qb3 Bg7 33. b5 Rb8 34. Qc2
Ng8 35. Nf2 Nf6 36. Ne5 Ne4 37. Nxd7 Rxd7 38. g4 Nxc5 39. gxf5 Nxd3 40. Nxd3
Qxf5 41. bxc6 bxc6 42. Qxc6 1/2-1/2

[Event "Landesklasse Ost 2013/2014"]
[Site "?"]
[Date "2014.03.02"]
[Round "7"]
[White "Markowski, Erhard"]
[Black "Eger, Axel"]
[Result "1/2-1/2"]
[WhiteElo "1689"]
[BlackElo "1847"]
[PlyCount "57"]
[EventDate "2014.??.??"]

1. c4 e6 2. Nc3 d5 3. e3 Nf6 4. Nf3 Be7 5. d4 O-O 6. Bd3 Nbd7 7. O-O c5 8. Qb3
Qb6 9. Qc2 Qc7 10. e4 dxe4 11. Nxe4 Nxe4 12. Bxe4 Nf6 13. Bd3 cxd4 14. Nxd4 b6
15. Bg5 h6 16. Bh4 a6 17. Qe2 Bb7 18. Bg3 Qc5 19. Nb3 Qc6 20. f3 Rfd8 21. Rad1
Bd6 22. Bf2 Qc7 23. g3 Nd7 24. Be4 Bxe4 25. Qxe4 Nc5 26. Qc2 Nxb3 27. Qxb3 Bc5
28. Qc2 Bxf2+ 29. Kxf2 1/2-1/2

[Event "Landesklasse Ost 2013/2014"]
[Site "?"]
[Date "2014.03.02"]
[Round "7"]
[White "Knorre, Jonas"]
[Black "Bülau, Daniel"]
[Result "1/2-1/2"]
[WhiteElo "1642"]
[BlackElo "1495"]
[PlyCount "49"]
[EventDate "2014.??.??"]

1. e4 e5 2. Nf3 Nc6 3. Bc4 Nf6 4. d4 exd4 5. c3 d5 6. exd5 Nxd5 7. cxd4 Bb4+ 8.
Bd2 Qe7+ 9. Qe2 Bxd2+ 10. Nbxd2 Qxe2+ 11. Bxe2 Nf4 12. g3 Nxe2 13. Kxe2 Bg4 14.
Kd3 O-O-O 15. Kc3 Rhe8 16. h3 Bxf3 17. Nxf3 Re2 18. Rhf1 f6 19. Rae1 Rde8 20.
a3 Kd7 21. d5 Nd8 22. Rd1 Nf7 23. Nd4 R2e5 24. Nf3 Re2 25. Nd4 1/2-1/2

[Event "Landesklasse Ost 2013/2014"]
[Site "?"]
[Date "2014.03.02"]
[Round "7"]
[White "Schulz, Phillip"]
[Black "Stumm, Rainer"]
[Result "0-1"]
[WhiteElo "1504"]
[BlackElo "1599"]
[PlyCount "96"]
[EventDate "2014.??.??"]

1. d4 Nf6 2. c4 c5 3. d5 e5 4. Nc3 d6 5. e4 g6 6. Bd3 Bg7 7. Bg5 O-O 8. Nge2 a6
9. O-O Qc7 10. Qb3 Ne8 11. f4 h6 12. Bh4 exf4 13. Be1 g5 14. Na4 Nd7 15. Bc3
Nef6 16. g3 Ne5 17. Bxe5 dxe5 18. Qb6 Qxb6 19. Nxb6 Rb8 20. Nxc8 Rbxc8 21. h3
Ne8 22. g4 Nd6 23. Nc3 Rc7 24. b3 Bf6 25. Kg2 Kg7 26. Kf3 Bd8 27. Rac1 Rc8 28.
Rh1 Rh8 29. Rc2 Ba5 30. Rcc1 Rh7 31. Rc2 Rch8 32. Na4 Rc8 33. a3 Ne8 34. Rb1 h5
35. gxh5 Rxh5 36. Bf1 Nf6 37. b4 cxb4 38. axb4 b5 39. bxa5 bxa4 40. c5 Ne8 41.
c6 Nd6 42. c7 f5 43. exf5 e4+ 44. Kf2 g4 45. Bxa6 Rxh3 46. Kg1 Rch8 47. Bf1
Rh1+ 48. Kf2 R8h2+ 0-1

[Event "Landesklasse Ost 2013/2014"]
[Site "?"]
[Date "2014.03.02"]
[Round "7"]
[White "Kosowski, Todor"]
[Black "Seifert, Michael"]
[Result "1/2-1/2"]
[WhiteElo "2162"]
[BlackElo "1770"]
[PlyCount "56"]
[EventDate "2014.??.??"]
[WhiteTeam "SG Arnstadt-Stadtilm"]
[BlackTeam "SV Schott Jena"]

1. e4 e6 2. d4 d5 3. Nc3 Nf6 4. Bg5 Bb4 5. e5 h6 6. exf6 hxg5 7. fxg7 Rg8 8. a3
Bd6 9. Qh5 Qf6 10. Qg4 Bd7 11. Nb5 Bxb5 12. Bxb5+ c6 13. Bd3 Qxg7 14. O-O-O Nd7
15. g3 O-O-O 16. h4 gxh4 17. Qxg7 Rxg7 18. Rxh4 c5 19. c4 Be7 20. Rh3 dxc4 21.
Bxc4 Nb6 22. Bb3 Rxd4 23. Rxd4 cxd4 24. Nf3 Bf6 25. Rh6 Nd7 26. Ba4 Rg6 27. Rh7
Rg7 28. Rh6 Rg6 1/2-1/2

[Event "Landesklasse Ost 2013/2014"]
[Site "?"]
[Date "2014.03.02"]
[Round "7"]
[White "Richter, Jan"]
[Black "Buring, Matthias"]
[Result "1-0"]
[WhiteElo "1899"]
[BlackElo "2041"]
[PlyCount "63"]
[EventDate "2014.??.??"]
[WhiteTeam "SV Schott Jena"]
[BlackTeam "SG Arnstadt-Stadtilm"]

1. Nf3 d5 2. g3 e6 3. Bg2 f5 4. c4 c6 5. O-O Nf6 6. d3 Be7 7. cxd5 cxd5 8. Nc3
Nc6 9. Bf4 a6 10. Rc1 O-O 11. e4 d4 12. Ne2 Ng4 13. Rxc6 bxc6 14. Nfxd4 Bf6 15.
e5 Qe8 16. exf6 e5 17. Nxc6 Rxf6 18. Nxe5 Ra7 19. Nxg4 fxg4 20. Nd4 Rb6 21. Re1
Re7 22. Rxe7 Qxe7 23. b3 Bd7 24. Qc1 Rb4 25. Nc6 Bxc6 26. Bxc6 Rd4 27. Be3 Rd6
28. Be4 Qd7 29. Bf4 Rf6 30. Qc7 Qe8 31. Be5 Rf7 32. Bd5 1-0

[Event "Landesklasse Ost 2013/2014"]
[Site "?"]
[Date "2014.03.02"]
[Round "7"]
[White "Sauer, Marko"]
[Black "Richter, Gerhard"]
[Result "1-0"]
[WhiteElo "1977"]
[BlackElo "2010"]
[PlyCount "109"]
[EventDate "2014.??.??"]
[WhiteTeam "SG Arnstadt-Stadtilm"]
[BlackTeam "SV Schott Jena"]

1. e4 e6 2. d4 d5 3. Nd2 f5 4. e5 c5 5. c3 Nh6 6. Nb3 Nf7 7. f4 cxd4 8. Nxd4
Nc6 9. Ngf3 Be7 10. Be3 O-O 11. Qd2 Bd7 12. Bd3 Rc8 13. O-O Na5 14. b3 a6 15.
Rac1 b5 16. Rfd1 Nb7 17. b4 Qe8 18. a4 Rb8 19. axb5 axb5 20. Ra1 Nbd8 21. Ra6
Bc8 22. Ra5 Bd7 23. Qe2 Nb7 24. Ra6 Nbd8 25. Rda1 h6 26. Ra8 Nc6 27. Rxb8 Qxb8
28. Nxc6 Bxc6 29. Nd4 Nd8 30. Bxb5 Bxb5 31. Qxb5 Qc7 32. Rc1 g5 33. c4 gxf4 34.
Bxf4 dxc4 35. Rxc4 Qa7 36. Bxh6 Qa1+ 37. Kf2 Rf7 38. Ne2 Bf8 39. Qe8 Qxe5 40.
Bxf8 Rxf8 41. Qg6+ Qg7 42. Qxg7+ Kxg7 43. b5 Kf6 44. Rc8 Ke7 45. b6 Rf7 46. Nd4
e5 47. Rc7+ Kd6 48. Rxf7 Nxf7 49. Nxf5+ Kc6 50. Ke3 Kxb6 51. Ke4 Kc6 52. h4 Kd7
53. Kd5 Ke8 54. g4 Kf8 55. g5 1-0

[Event "Landesklasse Ost 2013/2014"]
[Site "?"]
[Date "2014.03.02"]
[Round "7"]
[White "Mauch, Johannes"]
[Black "Schätz, Bianca"]
[Result "1/2-1/2"]
[WhiteElo "1783"]
[BlackElo "1817"]
[PlyCount "69"]
[EventDate "2014.??.??"]
[WhiteTeam "SV Schott Jena"]
[BlackTeam "SG Arnstadt-Stadtilm"]

1. e4 c5 2. Nc3 Nc6 3. Bb5 g6 4. Bxc6 dxc6 5. d3 Bg7 6. Be3 b6 7. Qd2 e5 8.
O-O-O Be6 9. f4 f6 10. fxe5 fxe5 11. Nf3 h6 12. Rhf1 Qd6 13. a4 Ne7 14. Nb1
O-O-O 15. Na3 g5 16. Qc3 Ng6 17. a5 Qc7 18. b3 g4 19. Ne1 Nf4 20. Qd2 Nh5 21.
g3 Nf6 22. Kb2 Nxe4 23. axb6 axb6 24. Qg2 Nd6 25. Ra1 e4+ 26. c3 exd3 27. Nxd3
Bd5 28. Qe2 Bf3 29. Rxf3 gxf3 30. Qxf3 Bxc3+ 31. Kxc3 Qg7+ 32. Kc2 Qxa1 33.
Qxc6+ Kb8 34. Qxb6+ Ka8 35. Qa6+ 1/2-1/2

[Event "Landesklasse Ost 2013/2014"]
[Site "?"]
[Date "2014.03.02"]
[Round "7"]
[White "Hattendorf, Jens"]
[Black "Richter, Sebastian"]
[Result "1/2-1/2"]
[WhiteElo "1892"]
[BlackElo "1765"]
[PlyCount "36"]
[EventDate "2014.??.??"]
[WhiteTeam "SG Arnstadt-Stadtilm"]
[BlackTeam "SV Schott Jena"]

1. e4 e6 2. d4 d5 3. e5 c5 4. Nf3 cxd4 5. Bd3 Ne7 6. O-O Nec6 7. Re1 Nd7 8.
Nbd2 Qc7 9. Nb3 Ndxe5 10. Nxe5 Nxe5 11. Bf4 Bd6 12. Nxd4 a6 13. Qh5 g6 14. Qh6
Nxd3 15. Bxd6 Qxd6 16. cxd3 Bd7 17. Rac1 Qf8 18. Qf4 Qe7 1/2-1/2

[Event "Landesklasse Ost 2013/2014"]
[Site "?"]
[Date "2014.03.02"]
[Round "7"]
[White "Jordan, Gunter"]
[Black "Jank, Kevin"]
[Result "1/2-1/2"]
[WhiteElo "1855"]
[BlackElo "1625"]
[PlyCount "53"]
[EventDate "2014.??.??"]
[WhiteTeam "SV Schott Jena"]
[BlackTeam "SG Arnstadt-Stadtilm"]

1. d4 d5 2. c4 e6 3. Nc3 f5 4. g3 Nf6 5. Bg2 c6 6. Nf3 Bd6 7. Ne5 O-O 8. O-O
Qe8 9. Bf4 Be7 10. Qb3 Nbd7 11. Rac1 h6 12. cxd5 exd5 13. e4 fxe4 14. Nxe4 Kh8
15. Nd2 Nh5 16. Nxd7 Nxf4 17. Nxf8 Ne2+ 18. Kh1 Nxc1 19. Rxc1 Qxf8 20. Nf3 Qd8
21. Ne5 Kg8 22. Qf3 Qf8 23. Ng6 Qxf3 24. Nxe7+ Kf7 25. Bxf3 Kxe7 26. Re1+ Kf8
27. Kg2 1/2-1/2

[Event "Landesklasse Ost 2013/2014"]
[Site "?"]
[Date "2014.03.02"]
[Round "7"]
[White "Widmann, Benjamin"]
[Black "Werner, Martin"]
[Result "1-0"]
[WhiteElo "1850"]
[BlackElo "1435"]
[PlyCount "65"]
[EventDate "2014.??.??"]
[WhiteTeam "SG Arnstadt-Stadtilm"]
[BlackTeam "SV Schott Jena"]

1. c4 Nf6 2. Nc3 c5 3. g3 Nc6 4. Bg2 g6 5. Nf3 Bg7 6. d3 O-O 7. O-O d6 8. Bd2
Bd7 9. a3 a6 10. Rb1 Qc7 11. b4 cxb4 12. axb4 Rac8 13. b5 Nb8 14. bxa6 bxa6 15.
Nd4 Nc6 16. Nxc6 Bxc6 17. Bxc6 Qxc6 18. Qb3 Qc7 19. Qb7 Rfe8 20. Rb6 Qxb7 21.
Rxb7 Kf8 22. Ra1 Rc6 23. Ra5 Rec8 24. Ra7 Ke8 25. R7xa6 Rxa6 26. Rxa6 Kd7 27.
Nb5 Ng4 28. Ra7+ Ke8 29. Nc7+ Kf8 30. Nd5 Re8 31. h3 Bd4 32. Rb7 Ne5 33. Bh6+
1-0

[Event "Landesklasse Ost 2013/2014"]
[Site "?"]
[Date "2014.03.02"]
[Round "7"]
[White "Kreusch, Jonathan"]
[Black "Marufke, Kai"]
[Result "0-1"]
[WhiteElo "901"]
[BlackElo "1875"]
[PlyCount "52"]
[EventDate "2014.??.??"]
[WhiteTeam "SV Schott Jena"]
[BlackTeam "SG Arnstadt-Stadtilm"]

1. e4 e5 2. Nf3 d6 3. Bc4 Nc6 4. c3 Be7 5. d4 exd4 6. cxd4 Nf6 7. Nc3 Bg4 8.
Be3 O-O 9. O-O Nxe4 10. Bxf7+ Rxf7 11. Nxe4 Bxf3 12. gxf3 Qd7 13. Qb3 Nd8 14.
Ng5 Bxg5 15. Bxg5 c6 16. d5 Qf5 17. f4 cxd5 18. Rad1 h6 19. Bxd8 Rxd8 20. Qf3
Qe4 21. Qd3 Rf5 22. Qb5 Qxf4 23. f3 b6 24. Kh1 Rh5 25. Rf2 Rxh2+ 26. Rxh2 Qxf3+
0-1

[Event "Landesklasse Ost 2013/2014"]
[Site "?"]
[Date "2014.03.23"]
[Round "8"]
[White "Sack, Matthias"]
[Black "Hoffmann, Tim"]
[Result "1-0"]
[WhiteElo "1951"]
[BlackElo "1926"]
[PlyCount "39"]
[EventDate "2014.??.??"]
[WhiteTeam "SV Hermsdorf"]
[BlackTeam "ESV Gera"]

1. e4 c5 2. b3 Nc6 3. Bb2 d6 4. Bb5 Bd7 5. f4 Nf6 6. Nc3 a6 7. Be2 e5 8. Bf3 g6
9. Nd5 Bg7 10. Ne2 O-O 11. O-O Be6 12. Nxf6+ Bxf6 13. f5 gxf5 14. exf5 Bd7 15.
Ng3 Bg7 16. Bd5 Kh8 17. Ne4 Nb4 18. Bxb7 Ra7 19. f6 Rxb7 20. Qh5 1-0

[Event "Landesklasse Ost 2013/2014"]
[Site "?"]
[Date "2014.03.23"]
[Round "8"]
[White "Puschendorf, Steffen"]
[Black "Hadlich, Gerald"]
[Result "1-0"]
[WhiteElo "2083"]
[BlackElo "1794"]
[PlyCount "43"]
[EventDate "2014.??.??"]
[WhiteTeam "ESV Gera"]
[BlackTeam "SV Hermsdorf"]

1. d4 d5 2. c4 c6 3. Nf3 Nf6 4. e3 Bg4 5. h3 Bxf3 6. Qxf3 e6 7. Nc3 Bd6 8. Bd3
Nbd7 9. cxd5 cxd5 10. O-O a6 11. e4 e5 12. Nxd5 Nxd5 13. exd5 O-O 14. Bd2 Re8
15. Rfe1 g6 16. Bc3 f5 17. dxe5 Bxe5 18. Bxf5 gxf5 19. Bxe5 Nxe5 20. Rxe5 Qd6
21. Rxf5 Rf8 22. Qg4+ 1-0

[Event "Landesklasse Ost 2013/2014"]
[Site "?"]
[Date "2014.03.23"]
[Round "8"]
[White "Osterroth, Reinhard"]
[Black "Gläßl, Matthias"]
[Result "1/2-1/2"]
[WhiteElo "1857"]
[BlackElo "2050"]
[PlyCount "73"]
[EventDate "2014.??.??"]
[WhiteTeam "SV Hermsdorf"]
[BlackTeam "ESV Gera"]

1. d4 Nf6 2. Nf3 e6 3. c4 Bb4+ 4. Bd2 a5 5. a3 Bxd2+ 6. Nbxd2 d5 7. Qc2 c6 8.
e3 Nbd7 9. Bd3 h6 10. O-O O-O 11. c5 Qc7 12. Qc3 b5 13. cxb6 Qxb6 14. Rfc1 Ba6
15. Ne1 Rfc8 16. Bxa6 Rxa6 17. Nd3 Rb8 18. Rab1 Ne4 19. Qc2 Nxd2 20. Qxd2 Re8
21. Rc2 e5 22. dxe5 Nxe5 23. Nxe5 Rxe5 24. Rbc1 Re6 25. g3 Qb7 26. Rc5 Rf6 27.
R1c2 a4 28. Kg2 Rb6 29. Qd4 Rb5 30. Qd2 Rb3 31. Qd4 Qa6 32. R5c3 Rb5 33. Qd2
Qa8 34. Rc5 Qb7 35. Rxb5 Qxb5 36. Qc3 h5 37. h4 1/2-1/2

[Event "Landesklasse Ost 2013/2014"]
[Site "?"]
[Date "2014.03.23"]
[Round "8"]
[White "Hädrich, Dirk"]
[Black "Senf, Paul"]
[Result "0-1"]
[WhiteElo "1792"]
[BlackElo "1620"]
[PlyCount "72"]
[EventDate "2014.??.??"]
[WhiteTeam "SV Hermsdorf"]
[BlackTeam "ESV Gera"]

1. d4 f5 2. c4 Nf6 3. g3 g6 4. Bg2 Bg7 5. Nh3 O-O 6. O-O d6 7. b3 e5 8. Bb2 Qe7
9. e3 Nc6 10. d5 Nd8 11. Re1 Nf7 12. f4 Re8 13. Nc3 a6 14. Qd2 Bd7 15. Nf2 Rac8
16. Rad1 h6 17. fxe5 Nxe5 18. e4 Qf7 19. exf5 Bxf5 20. Rf1 g5 21. Nfe4 Bxe4 22.
Nxe4 Qe7 23. Nxf6+ Bxf6 24. Rde1 Qg7 25. Re2 Rf8 26. Be4 Rce8 27. Bf5 Kh8 28.
Be6 g4 29. Kg2 Nf3 30. Bxf6 Rxf6 31. Qb2 h5 32. Re4 Ref8 33. Re2 Nh4+ 34. gxh4
Rxf1 35. Qd2 Qf6 36. Bd7 Qf3# 0-1

[Event "Landesklasse Ost 2013/2014"]
[Site "?"]
[Date "2014.03.23"]
[Round "8"]
[White "Hilbig, Dieter"]
[Black "Markowski, Erhard"]
[Result "1-0"]
[WhiteElo "1894"]
[BlackElo "1689"]
[PlyCount "75"]
[EventDate "2014.??.??"]
[WhiteTeam "ESV Gera"]
[BlackTeam "SV Hermsdorf"]

1. e4 g6 2. f4 c5 3. Nc3 Bg7 4. Nf3 Nc6 5. Bb5 Nd4 6. O-O a6 7. Bd3 e6 8. a4
Ne7 9. e5 O-O 10. Ne4 d5 11. exd6 Nef5 12. Kh1 Nxd6 13. Nxc5 b6 14. Nxd4 Bxd4
15. Ne4 Bb7 16. Nxd6 Qxd6 17. Be2 Ra7 18. Bf3 Bc8 19. c3 Bg7 20. d4 Rd8 21. Be3
Rc7 22. Qe1 Bf6 23. Qf2 Bb7 24. d5 Bxd5 25. Bxd5 exd5 26. Bxb6 Rcd7 27. Bxd8
Bxd8 28. f5 Bc7 29. g3 Bb6 30. Qf4 Qc6 31. Qf3 Qd6 32. Rad1 g5 33. b4 d4 34. a5
Ba7 35. f6 Rd8 36. Qb7 Qb8 37. Qxb8 Bxb8 38. Rxd4 1-0

[Event "Landesklasse Ost 2013/2014"]
[Site "?"]
[Date "2014.03.23"]
[Round "8"]
[White "Bülau, Daniel"]
[Black "Steinmüller, Johannes"]
[Result "1/2-1/2"]
[WhiteElo "1495"]
[BlackElo "1744"]
[PlyCount "39"]
[EventDate "2014.??.??"]
[WhiteTeam "SV Hermsdorf"]
[BlackTeam "ESV Gera"]

1. e4 c5 2. Nc3 Nc6 3. g3 g6 4. Bg2 Bg7 5. d3 d6 6. f4 e6 7. Nf3 Nge7 8. Be3
Bd7 9. O-O Nd4 10. Ne2 Nec6 11. c3 Nxe2+ 12. Qxe2 b6 13. d4 cxd4 14. Nxd4 Nxd4
15. cxd4 O-O 16. Rac1 Rc8 17. Rxc8 Qxc8 18. Rc1 Qb7 19. Qd2 Rc8 20. Qb4 1/2-1/2

[Event "Landesklasse Ost 2013/2014"]
[Site "?"]
[Date "2014.03.23"]
[Round "8"]
[White "Kupper, Matthias"]
[Black "Schulz, Phillip"]
[Result "1/2-1/2"]
[WhiteElo "1758"]
[BlackElo "1517"]
[PlyCount "105"]
[EventDate "2014.??.??"]
[WhiteTeam "ESV Gera"]
[BlackTeam "SV Hermsdorf"]

1. e4 c5 2. Nf3 Nc6 3. d4 cxd4 4. Nxd4 g6 5. Nc3 Bg7 6. Be3 Nf6 7. Be2 O-O 8.
O-O d5 9. exd5 Nxd5 10. Nxd5 Qxd5 11. Bf3 Qd6 12. Nxc6 bxc6 13. c3 Qc7 14. Qa4
Bd7 15. Rad1 Rfd8 16. Bc5 Bf6 17. Rfe1 Be8 18. h4 Rdb8 19. b3 Rb5 20. Qc4 Rab8
21. b4 a5 22. a4 R5b7 23. h5 Ra8 24. hxg6 hxg6 25. Be4 Kg7 26. Bd4 axb4 27. Bc2
bxc3 28. Qxc3 c5 29. Bxf6+ exf6 30. Re4 Rba7 31. Rd5 Bxa4 32. Rxc5 Qd6 33. Rd4
Qe6 34. Re4 Qd6 35. Rd4 Qb6 36. Rb4 Qe6 37. Re4 Qa2 38. Rf4 Bxc2 39. Qxf6+ Kg8
40. Rxc2 Qxc2 41. Rh4 Qd1+ 42. Kh2 Qh5 43. Rxh5 gxh5 44. Qg5+ Kf8 45. Qxh5 Ra6
46. g4 Ra2 47. Kg3 R8a3+ 48. f3 Ra1 49. Qc5+ Kg8 50. g5 Ra5 51. Qc8+ Kg7 52.
Qc3+ Kg8 53. Qc8+ 1/2-1/2

[Event "Landesklasse Ost 2013/2014"]
[Site "?"]
[Date "2014.03.23"]
[Round "8"]
[White "Schlierf, Andre"]
[Black "Buring, Matthias"]
[Result "0-1"]
[WhiteElo "1871"]
[BlackElo "2051"]
[PlyCount "78"]
[EventDate "2014.??.??"]
[WhiteTeam "TuS Osterburg Weida"]
[BlackTeam "SG Arnstadt-Stadtilm"]

1. c4 e6 2. g3 d5 3. Bg2 c6 4. Qc2 f5 5. Nf3 Nf6 6. O-O Be7 7. b3 O-O 8. Bb2
Na6 9. a3 Bd7 10. Ne5 Rc8 11. d3 Be8 12. Nd2 Bd6 13. b4 Bb8 14. e3 Nd7 15. Ndf3
Bh5 16. Nxd7 Qxd7 17. Ne5 Qd8 18. Bf3 Bxe5 19. Bxh5 Bxb2 20. Qxb2 Qg5 21. Bf3
f4 22. exf4 Rxf4 23. Bg2 Qf6 24. Qxf6 Rxf6 25. Rae1 Nc7 26. Re5 Rd8 27. Rfe1
Kf7 28. f4 dxc4 29. dxc4 Rd2 30. R5e2 Rxe2 31. Rxe2 Ke7 32. Be4 g6 33. Rb2 Rf8
34. Rb3 Ne8 35. b5 cxb5 36. cxb5 Nd6 37. Bd3 Rc8 38. Kf2 Rc5 39. b6 axb6 0-1